000 00469nam a22001697a 4500
999 _c255726
_d255725
003 OSt
005 20230727123704.0
008 170224b xxu||||| |||| 00| 0 eng d
020 _a9780136118411
040 _cN/A
050 _aHF5691
_b.H84
100 _aS.A. Hummelbrunner, K. Suzanne Coombs
245 _aContemporary Business Mathematics :
_bwith Canadian Applications.
250 _a9th ed
260 _aCanada
_bPearson Prentice Hall
_c2012
942 _2lcc
_cBK